000
00331nam a22001457a 4500
008
221006b ||||| |||| 00| 0 eng d
020
_a
9780323091374
041
_a
eng
080
_2
8th edition
_a
610.73
082
_2
610.73 GUL
100
_a
6
101
_a
INF
245
_a
NURSING CARE PLANS
_c
GULANICK M
942
_2
udc
_c
BK
999
_c
58366
_d
58366